[Event "TeamRussiamenrapid"]
[Site "?"]
[Date "2016.10.06"]
[Round "7.9"]
[White "Rakhmanov, Aleksandr"]
[Black "Artemiev, Vladislav"]
[Result "1/2-1/2"]
[LiveChessVersion "1.4.4"]
[BlackElo "2701"]
[WhiteElo "2528"]

1. Nf3 {[%clk 0:15:17]} Nf6 {[%clk 0:15:05]} 2. g3 {[%clk 0:15:24]} g6
{[%clk 0:15:08]} 3. b3 {[%clk 0:15:30]} Bg7 {[%clk 0:15:15]} 4. Bb2
{[%clk 0:15:38]} b6 {[%clk 0:15:15]} 5. Bg2 {[%clk 0:15:39]} Bb7 {[%clk 0:15:23]}
6. c4 {[%clk 0:15:40]} c5 {[%clk 0:15:28]} 7. O-O {[%clk 0:15:46]} O-O
{[%clk 0:15:34]} 8. Nc3 {[%clk 0:14:00]} d6 {[%clk 0:15:11]} 9. d4
{[%clk 0:14:05]} cxd4 {[%clk 0:14:21]} 10. Qxd4 {[%clk 0:13:38]} Ne4
{[%clk 0:13:55]} 11. Qe3 {[%clk 0:13:05]} Nxc3 {[%clk 0:13:56]} 12. Bxc3
{[%clk 0:13:12]} Bxc3 {[%clk 0:14:04]} 13. Qxc3 {[%clk 0:13:21]} Nd7
{[%clk 0:14:13]} 14. Rfd1 {[%clk 0:13:13]} Rc8 {[%clk 0:14:12]} 15. Qe3
{[%clk 0:13:17]} Rc5 {[%clk 0:13:58]} 16. Rd4 {[%clk 0:13:08]} Re8
{[%clk 0:11:21]} 17. Rh4 {[%clk 0:12:17]} Nf6 {[%clk 0:08:56]} 18. Qh6
{[%clk 0:11:33]} Bxf3 {[%clk 0:08:59]} 19. Bxf3 {[%clk 0:11:29]} Qc8
{[%clk 0:08:36]} 20. Rd1 {[%clk 0:10:40]} Qf5 {[%clk 0:06:53]} 21. b4
{[%clk 0:04:23]} Re5 {[%clk 0:06:48]} 22. Rhd4 {[%clk 0:03:54]} g5
{[%clk 0:03:39]} 23. g4 {[%clk 0:04:01]} Qg6 {[%clk 0:03:33]} 24. Qxg6+
{[%clk 0:03:59]} hxg6 {[%clk 0:03:42]} 25. e3 {[%clk 0:03:28]} Rc8
{[%clk 0:03:50]} 26. a3 {[%clk 0:03:28]} a5 {[%clk 0:03:42]} 27. h3
{[%clk 0:03:25]} Rc7 {[%clk 0:03:21]} 28. Rb1 {[%clk 0:02:16]} Ra7
{[%clk 0:03:15]} 29. Kg2 {[%clk 0:02:19]} Kg7 {[%clk 0:02:37]} 30. Kg3
{[%clk 0:02:06]} Nd7 {[%clk 0:01:28]} 31. Bc6 {[%clk 0:01:57]} Nf6
{[%clk 0:00:59]} 32. Bf3 {[%clk 0:02:00]} Nd7 {[%clk 0:01:01]} 33. Bc6
{[%clk 0:02:05]} Nf6 {[%clk 0:01:02]} 34. Bf3 {[%clk 0:02:02]} 1/2-1/2

[Event "TeamRussiamenrapid"]
[Site "?"]
[Date "2016.10.06"]
[Round "7.11"]
[White "Moiseenko, Vadim"]
[Black "Timofeev, Artyom"]
[Result "1/2-1/2"]
[LiveChessVersion "1.4.4"]
[BlackElo "2566"]
[WhiteElo "2463"]

1. e4 {[%clk 0:15:19]} c5 {[%clk 0:15:18]} 2. f4 {[%clk 0:15:27]} d5
{[%clk 0:14:56]} 3. exd5 {[%clk 0:15:35]} Nf6 {[%clk 0:15:03]} 4. Nf3
{[%clk 0:15:43]} Nxd5 {[%clk 0:15:08]} 5. Bc4 {[%clk 0:15:52]} g6
{[%clk 0:14:55]} 6. Ne5 {[%clk 0:15:28]} Bg7 {[%clk 0:14:54]} 7. Nc3
{[%clk 0:15:28]} Nxc3 {[%clk 0:14:02]} 8. Qf3 {[%clk 0:13:44]} Na4
{[%clk 0:11:15]} 9. Bb5+ {[%clk 0:12:02]} Nd7 {[%clk 0:11:20]} 10. Bxa4
{[%clk 0:11:53]} O-O {[%clk 0:10:06]} 11. Bxd7 {[%clk 0:11:59]} Bxd7
{[%clk 0:10:14]} 12. Qxb7 {[%clk 0:11:30]} Bxe5 {[%clk 0:10:05]} 13. fxe5
{[%clk 0:11:38]} Bf5 {[%clk 0:10:13]} 14. d3 {[%clk 0:11:28]} c4 {[%clk 0:09:10]}
15. O-O {[%clk 0:10:46]} cxd3 {[%clk 0:08:47]} 16. Bh6 {[%clk 0:08:57]} Re8
{[%clk 0:07:06]} 17. cxd3 {[%clk 0:08:50]} Qd4+ {[%clk 0:06:40]} 18. Kh1
{[%clk 0:08:59]} Rab8 {[%clk 0:06:47]} 19. Qc6 {[%clk 0:06:48]} Rec8
{[%clk 0:06:31]} 20. Qf3 {[%clk 0:06:45]} Rxb2 {[%clk 0:06:32]} 21. Rac1
{[%clk 0:06:40]} Rd8 {[%clk 0:04:57]} 22. Rc7 {[%clk 0:04:38]} Rxa2
{[%clk 0:04:53]} 23. Rxe7 {[%clk 0:04:02]} Qh4 {[%clk 0:03:10]} 24. Rxf7
{[%clk 0:02:23]} Qxh6 {[%clk 0:01:49]} 25. e6 {[%clk 0:02:21]} Qd2
{[%clk 0:00:51]} 26. e7 {[%clk 0:01:18]} Re8 {[%clk 0:00:31]} 27. Qd5
{[%clk 0:00:54]} Qxg2+ {[%clk 0:00:36]} 28. Qxg2 {[%clk 4:04:52]} Rxg2
{[%clk 0:00:43]} 29. Rf8+ {[%clk 0:01:12]} Rxf8 {[%clk 0:00:43]} 30. exf8=Q+
{[%clk 0:01:20]} Kxf8 {[%clk 0:00:52]} 31. Kxg2 {[%clk 0:01:29]} Kf7
{[%clk 0:00:44]} 32. d4 {[%clk 0:01:08]} Ke6 {[%clk 0:00:53]} 33. Ra1
{[%clk 0:01:05]} Kd5 {[%clk 0:01:01]} 34. Rxa7 {[%clk 0:01:12]} Kxd4
{[%clk 0:01:09]} 35. Rxh7 {[%clk 0:01:17]} Ke5 {[%clk 0:01:18]} 36. Kg3
{[%clk 0:01:08]} Kf6 {[%clk 0:01:23]} 37. Rb7 {[%clk 0:01:10]} Kg5
{[%clk 0:01:27]} 38. h4+ {[%clk 0:00:28]} Kh6 {[%clk 0:01:36]} 39. Kf4
{[%clk 0:00:37]} Bc2 {[%clk 0:01:44]} 40. Rb8 {[%clk 0:00:44]} Bf5
{[%clk 0:01:39]} 41. Ke5 {[%clk 0:00:24]} Bc2 {[%clk 0:00:59]} 42. Rc8
{[%clk 0:00:21]} Bb1 {[%clk 0:01:06]} 43. Rh8+ {[%clk 0:00:29]} Kg7
{[%clk 0:01:14]} 44. Rb8 {[%clk 0:00:38]} Bf5 {[%clk 0:01:10]} 45. h5
{[%clk 0:00:14]} Bc2 {[%clk 0:01:01]} 46. Rb2 {[%clk 0:00:13]} Bd3
{[%clk 0:01:08]} 47. Rg2 {[%clk 0:00:19]} Kh6 {[%clk 0:00:47]} 48. Rg3
{[%clk 0:00:20]} Bb1 {[%clk 0:00:55]} 49. Rg1 {[%clk 0:00:24]} Bd3
{[%clk 0:00:51]} 50. Rh1 {[%clk 0:00:14]} gxh5 {[%clk 0:00:56]} 51. Kf6
{[%clk 0:00:24]} Bh7 {[%clk 0:00:57]} 52. Rg1 {[%clk 0:00:31]} h4
{[%clk 0:01:02]} 53. Rc1 {[%clk 0:00:21]} Kh5 {[%clk 0:01:03]} 54. Rg1
{[%clk 0:00:21]} h3 {[%clk 0:01:03]} 55. Ke5 {[%clk 0:00:30]} h2 {[%clk 0:00:42]}
56. Rh1 {[%clk 0:00:38]} Kg4 {[%clk 0:00:51]} 57. Rxh2 {[%clk 0:00:47]} Bd3
{[%clk 0:00:59]} 58. Rg2+ {[%clk 0:00:48]} Kf3 {[%clk 0:00:58]} 59. Ra2
{[%clk 0:00:52]} Bg6 {[%clk 0:00:59]} 60. Ra3+ {[%clk 0:01:00]} Ke2
{[%clk 0:01:02]} 61. Kd4 {[%clk 0:01:06]} Bf5 {[%clk 0:01:07]} 62. Rg3
{[%clk 0:01:12]} Bh7 {[%clk 0:01:12]} 63. Rg7 {[%clk 0:01:17]} Bf5
{[%clk 0:01:17]} 64. Re7+ {[%clk 0:01:26]} Kf3 {[%clk 0:01:14]} 65. Rf7
{[%clk 0:01:34]} Kg4 {[%clk 0:01:19]} 66. Ke5 {[%clk 0:01:39]} Bc2
{[%clk 0:01:22]} 67. Rf4+ {[%clk 0:01:48]} Kg3 {[%clk 0:01:26]} 68. Rf5
{[%clk 0:01:57]} Bxf5 {[%clk 0:01:29]} 69. Kxf5 {[%clk 0:02:06]} 1/2-1/2

[Event "TeamRussiamenrapid"]
[Site "?"]
[Date "2016.10.06"]
[Round "7.12"]
[White "Sharafiev, Azat"]
[Black "Gochelashvili, David"]
[Result "1/2-1/2"]
[LiveChessVersion "1.4.4"]
[BlackElo "2445"]
[WhiteElo "2534"]

1. d4 {[%clk 0:15:18]} g6 {[%clk 0:15:00]} 2. e4 {[%clk 0:15:21]} Bg7
{[%clk 0:15:09]} 3. Nf3 {[%clk 0:15:16]} c6 {[%clk 0:14:00]} 4. Be2
{[%clk 0:14:15]} d5 {[%clk 0:14:05]} 5. Nc3 {[%clk 0:13:57]} Nh6 {[%clk 0:11:56]}
6. O-O {[%clk 0:13:45]} O-O {[%clk 0:11:57]} 7. Bf4 {[%clk 0:13:51]} f6
{[%clk 0:10:23]} 8. Re1 {[%clk 0:12:18]} Nf7 {[%clk 0:10:29]} 9. Bg3
{[%clk 0:12:17]} b6 {[%clk 0:08:45]} 10. Bf1 {[%clk 0:11:19]} Re8
{[%clk 0:07:54]} 11. a4 {[%clk 0:11:02]} Ba6 {[%clk 0:04:55]} 12. exd5
{[%clk 0:10:07]} cxd5 {[%clk 0:04:43]} 13. Nb5 {[%clk 0:06:47]} e5
{[%clk 0:04:28]} 14. c4 {[%clk 0:03:52]} Bxb5 {[%clk 0:01:11]} 15. axb5
{[%clk 0:04:01]} e4 {[%clk 0:01:13]} 16. Nd2 {[%clk 0:04:09]} f5 {[%clk 0:01:20]}
17. cxd5 {[%clk 0:04:13]} g5 {[%clk 0:00:30]} 18. Be5 {[%clk 0:03:03]} Nxe5
{[%clk 0:00:30]} 19. dxe5 {[%clk 0:03:11]} Bxe5 {[%clk 0:00:39]} 20. Nc4
{[%clk 0:03:13]} Bd6 {[%clk 0:00:25]} 21. Qh5 {[%clk 0:03:07]} Bc5
{[%clk 0:00:26]} 22. h4 {[%clk 0:02:54]} g4 {[%clk 0:00:24]} 23. Qxf5
{[%clk 0:02:23]} Qxh4 {[%clk 0:00:30]} 24. Ne3 {[%clk 0:00:32]} g3
{[%clk 0:00:30]} 25. fxg3 {[%clk 0:00:20]} Qxg3 {[%clk 0:00:37]} 26. Qf2
{[%clk 0:00:29]} Qg5 {[%clk 0:00:38]} 27. d6 {[%clk 0:00:22]} Nd7
{[%clk 0:00:34]} 28. b4 {[%clk 0:00:26]} Bd4 {[%clk 0:00:18]} 29. Rad1
{[%clk 0:00:31]} Bg7 {[%clk 0:00:13]} 30. Qf5 {[%clk 0:00:27]} Qxf5
{[%clk 0:00:13]} 31. Nxf5 {[%clk 0:00:35]} Bc3 {[%clk 0:00:19]} 32. Ne7+
{[%clk 0:00:39]} Rxe7 {[%clk 0:00:18]} 33. dxe7 {[%clk 0:00:46]} Bxe1
{[%clk 0:00:27]} 34. Bc4+ {[%clk 0:00:39]} Kg7 {[%clk 0:00:35]} 35. Rxd7
{[%clk 0:00:16]} Re8 {[%clk 0:00:40]} 36. Rxa7 {[%clk 0:00:14]} Bxb4
{[%clk 0:00:47]} 37. Bd5 {[%clk 0:00:21]} e3 {[%clk 0:00:35]} 38. Kf1
{[%clk 0:00:29]} Bxe7 {[%clk 0:00:19]} 39. Bc6 {[%clk 0:00:38]} Rf8+
{[%clk 0:00:28]} 40. Ke2 {[%clk 0:00:47]} Kf6 {[%clk 0:00:36]} 41. Kxe3
{[%clk 0:00:56]} h5 {[%clk 0:00:40]} 42. Rd7 {[%clk 0:01:02]} Rg8
{[%clk 0:00:48]} 43. Kf3 {[%clk 0:01:10]} h4 {[%clk 0:00:54]} 44. Rd5
{[%clk 0:00:59]} Rg3+ {[%clk 0:01:01]} 45. Kf4 {[%clk 0:01:00]} Bc5
{[%clk 0:00:44]} 46. Rf5+ {[%clk 0:00:56]} Kg6 {[%clk 0:00:35]} 47. Be8+
{[%clk 0:01:04]} Kg7 {[%clk 0:00:43]} 48. Ke4 1/2-1/2

[Event "TeamRussiamenrapid"]
[Site "?"]
[Date "2016.10.06"]
[Round "7.13"]
[White "Derjabin, Ilja"]
[Black "Savchenko, Boris"]
[Result "1/2-1/2"]
[LiveChessVersion "1.4.4"]
[BlackElo "2676"]
[WhiteElo "2341"]

1. d4 {[%clk 0:15:19]} Nf6 {[%clk 0:15:19]} 2. c4 {[%clk 0:15:27]} g6
{[%clk 0:15:28]} 3. Nc3 {[%clk 0:15:36]} d5 {[%clk 0:15:37]} 4. Bg5
{[%clk 0:15:41]} Ne4 {[%clk 0:15:46]} 5. Bh4 {[%clk 0:15:50]} Nxc3
{[%clk 0:15:53]} 6. bxc3 {[%clk 0:15:58]} Bg7 {[%clk 0:15:47]} 7. cxd5
{[%clk 0:15:57]} Qxd5 {[%clk 0:15:56]} 8. Nf3 {[%clk 0:16:05]} c5
{[%clk 0:15:56]} 9. e3 {[%clk 0:16:13]} Nc6 {[%clk 0:16:04]} 10. Be2
{[%clk 0:16:21]} cxd4 {[%clk 0:16:11]} 11. cxd4 {[%clk 0:16:29]} Qa5+
{[%clk 0:16:20]} 12. Qd2 {[%clk 0:16:38]} Bd7 {[%clk 0:12:44]} 13. Qxa5
{[%clk 0:16:05]} Nxa5 {[%clk 0:12:53]} 14. O-O {[%clk 0:16:13]} f6
{[%clk 0:11:56]} 15. Rac1 {[%clk 0:14:56]} Kf7 {[%clk 0:11:29]} 16. Nd2
{[%clk 0:12:21]} Rhc8 {[%clk 0:11:26]} 17. Bf3 {[%clk 0:11:58]} Rxc1
{[%clk 0:08:52]} 18. Rxc1 {[%clk 0:12:05]} Rc8 {[%clk 0:09:01]} 19. Rxc8
{[%clk 0:11:27]} Bxc8 {[%clk 0:09:09]} 20. Bg3 {[%clk 0:11:10]} Nc6
{[%clk 0:07:57]} 21. Kf1 {[%clk 0:09:45]} e6 {[%clk 0:06:04]} 22. Nc4
{[%clk 0:09:22]} Bf8 {[%clk 0:06:11]} 23. Nd6+ {[%clk 0:09:28]} Bxd6
{[%clk 0:06:19]} 24. Bxd6 {[%clk 0:09:36]} Bd7 {[%clk 0:06:27]} 25. Ke2
{[%clk 0:09:25]} Ke8 {[%clk 0:05:11]} 26. Kd3 {[%clk 0:08:57]} Kd8
{[%clk 0:05:19]} 27. h4 {[%clk 0:08:11]} b6 {[%clk 0:05:25]} 28. Bxc6
{[%clk 0:04:09]} Bxc6 {[%clk 0:05:33]} 29. g4 {[%clk 0:04:18]} Kd7
{[%clk 0:05:15]} 30. Bf8 {[%clk 0:04:14]} a5 {[%clk 0:05:19]} 31. g5
{[%clk 0:04:18]} f5 {[%clk 0:05:26]} 32. a3 {[%clk 0:03:27]} Bf3 {[%clk 0:05:32]}
33. Bg7 {[%clk 0:03:18]} Kc6 {[%clk 0:05:39]} 34. Be5 {[%clk 0:03:23]} b5
{[%clk 0:05:46]} 35. Kc3 {[%clk 0:03:26]} Be2 {[%clk 0:05:30]} 36. Bf6
{[%clk 0:03:32]} Kd5 {[%clk 0:05:33]} 37. Bd8 {[%clk 0:03:35]} a4
{[%clk 0:05:35]} 38. Bc7 {[%clk 0:03:41]} Ke4 {[%clk 0:05:01]} 39. Kb4
{[%clk 0:03:29]} Kf3 {[%clk 0:04:43]} 40. Bg3 {[%clk 0:03:36]} f4
{[%clk 0:03:39]} 41. exf4 {[%clk 0:02:40]} Bc4 {[%clk 0:03:35]} 42. Kc3
{[%clk 0:02:14]} Ke2 {[%clk 0:03:39]} 43. Kb4 {[%clk 0:02:11]} Kd3
{[%clk 0:03:40]} 44. f5 {[%clk 0:02:17]} exf5 {[%clk 0:03:26]} 45. Be5
{[%clk 0:02:21]} f4 {[%clk 0:03:06]} 46. Bxf4 {[%clk 0:02:18]} Kxd4
{[%clk 0:03:14]} 47. Bd6 {[%clk 0:02:21]} Ke4 {[%clk 0:03:20]} 48. Bc7
{[%clk 0:02:15]} Kf3 {[%clk 0:03:28]} 49. Bg3 {[%clk 0:02:19]} 1/2-1/2

[Event "TeamRussiamenrapid"]
[Site "?"]
[Date "2016.10.06"]
[Round "7.14"]
[White "Bocharov, Dmitry"]
[Black "Iljin, Timofey"]
[Result "0-1"]
[LiveChessVersion "1.4.4"]
[BlackElo "2464"]
[WhiteElo "2612"]

1. c4 {[%clk 0:15:15]} e6 {[%clk 0:15:19]} 2. Nf3 {[%clk 0:15:22]} d5
{[%clk 0:15:27]} 3. g3 {[%clk 0:15:29]} d4 {[%clk 0:15:26]} 4. Bg2
{[%clk 0:15:32]} Nc6 {[%clk 0:15:27]} 5. O-O {[%clk 0:15:25]} Nf6
{[%clk 0:15:35]} 6. e3 {[%clk 0:14:48]} e5 {[%clk 0:14:30]} 7. exd4
{[%clk 0:12:50]} exd4 {[%clk 0:14:38]} 8. d3 {[%clk 0:12:50]} Be7
{[%clk 0:14:30]} 9. Na3 {[%clk 0:12:55]} O-O {[%clk 0:09:42]} 10. Nc2
{[%clk 0:13:02]} h6 {[%clk 0:08:47]} 11. Re1 {[%clk 0:12:49]} Re8
{[%clk 0:08:34]} 12. a3 {[%clk 0:12:38]} a5 {[%clk 0:08:42]} 13. b3
{[%clk 0:12:46]} Bg4 {[%clk 0:08:00]} 14. Bb2 {[%clk 0:12:29]} Nd7
{[%clk 0:05:58]} 15. h3 {[%clk 0:12:16]} Bh5 {[%clk 0:06:03]} 16. g4
{[%clk 0:06:02]} Bg6 {[%clk 0:06:12]} 17. Ncxd4 {[%clk 0:06:00]} Nxd4
{[%clk 0:06:18]} 18. Bxd4 {[%clk 0:05:41]} Nc5 {[%clk 0:06:05]} 19. Re3
{[%clk 0:03:45]} Nxd3 {[%clk 0:05:10]} 20. Ra2 {[%clk 0:03:42]} Nf4
{[%clk 0:04:27]} 21. Rd2 {[%clk 0:03:41]} Qc8 {[%clk 0:03:21]} 22. Bf1
{[%clk 0:02:05]} Bxa3 {[%clk 0:02:28]} 23. Rxe8+ {[%clk 0:02:09]} Qxe8
{[%clk 0:02:36]} 24. Bxg7 {[%clk 0:02:09]} Kxg7 {[%clk 0:02:01]} 25. Qa1+
{[%clk 0:02:14]} Kg8 {[%clk 0:02:06]} 26. Qxa3 {[%clk 0:02:01]} Qe4
{[%clk 0:02:15]} 27. Nd4 {[%clk 0:01:44]} Nxh3+ {[%clk 0:02:17]} 28. Bxh3
{[%clk 0:01:15]} Qe1+ {[%clk 0:02:26]} 29. Bf1 {[%clk 0:01:21]} Qxd2
{[%clk 0:02:34]} 30. Qc5 {[%clk 0:01:27]} Rd8 {[%clk 0:02:21]} 31. Nf3
{[%clk 0:00:52]} Qf4 {[%clk 0:02:04]} 32. Ne5 {[%clk 0:00:44]} Re8
{[%clk 0:01:02]} 33. Nxg6 {[%clk 0:00:52]} Qxg4+ {[%clk 0:01:08]} 34. Bg2
{[%clk 0:01:00]} Qxg6 {[%clk 0:00:55]} 35. Qxc7 {[%clk 0:01:07]} Re1+
{[%clk 0:00:54]} 36. Kh2 {[%clk 0:01:15]} Qh5+ {[%clk 0:01:01]} 37. Kg3
{[%clk 0:01:24]} Qg5+ {[%clk 0:00:45]} 38. Kh3 {[%clk 0:01:27]} Qf5+
{[%clk 0:00:39]} 39. Kg3 {[%clk 0:01:33]} Qe5+ {[%clk 0:00:20]} 40. Qxe5
{[%clk 0:01:34]} Rxe5 {[%clk 0:00:29]} 41. Bxb7 {[%clk 0:01:42]} Kf8
{[%clk 0:00:31]} 42. Bc6 {[%clk 0:01:14]} Ke7 {[%clk 0:00:36]} 43. Kf4
{[%clk 0:01:23]} Kd6 {[%clk 0:00:41]} 44. Be4 {[%clk 0:01:25]} f6
{[%clk 0:00:43]} 45. f3 {[%clk 0:01:01]} Kc5 {[%clk 0:00:48]} 46. Ke3
{[%clk 0:01:09]} f5 {[%clk 0:00:49]} 47. Kf4 {[%clk 0:01:17]} fxe4
{[%clk 0:00:57]} 0-1

[Event "TeamRussiamenrapid"]
[Site "?"]
[Date "2016.10.06"]
[Round "7.15"]
[White "Kurbedinov, Ramis"]
[Black "Zablotsky, Sergei"]
[Result "0-1"]
[LiveChessVersion "1.4.4"]
[BlackElo "2493"]
[WhiteElo "2249"]

1. d4 {[%clk 0:15:19]} d6 {[%clk 0:15:19]} 2. Nf3 {[%clk 0:15:23]} g6
{[%clk 0:15:27]} 3. c4 {[%clk 0:15:32]} Bg7 {[%clk 0:15:31]} 4. Nc3
{[%clk 0:15:40]} e5 {[%clk 0:15:38]} 5. e4 {[%clk 0:15:30]} exd4 {[%clk 0:15:42]}
6. Nxd4 {[%clk 0:15:38]} Ne7 {[%clk 0:15:50]} 7. Be2 {[%clk 0:15:17]} Nbc6
{[%clk 0:15:57]} 8. Be3 {[%clk 0:15:11]} O-O {[%clk 0:16:04]} 9. O-O
{[%clk 0:15:05]} f5 {[%clk 0:16:03]} 10. Nxc6 {[%clk 0:13:52]} bxc6
{[%clk 0:15:49]} 11. c5 {[%clk 0:12:19]} fxe4 {[%clk 0:11:59]} 12. cxd6
{[%clk 0:11:48]} cxd6 {[%clk 0:12:04]} 13. Nxe4 {[%clk 0:11:27]} Nf5
{[%clk 0:12:09]} 14. Bg5 {[%clk 0:10:08]} Qc7 {[%clk 0:11:20]} 15. Rc1
{[%clk 0:08:47]} d5 {[%clk 0:10:57]} 16. Nc3 {[%clk 0:07:52]} Qe5
{[%clk 0:10:31]} 17. Re1 {[%clk 0:05:52]} Nd4 {[%clk 0:10:02]} 18. Bh4
{[%clk 0:05:34]} Qf4 {[%clk 0:07:50]} 19. Bg3 {[%clk 0:05:20]} Qf7
{[%clk 0:07:57]} 20. Bd3 {[%clk 0:04:16]} Bd7 {[%clk 0:07:51]} 21. Ne2
{[%clk 0:03:55]} Ne6 {[%clk 0:07:50]} 22. b3 {[%clk 0:03:27]} Rae8
{[%clk 0:04:40]} 23. f3 {[%clk 0:03:21]} Rc8 {[%clk 0:03:21]} 24. Ba6
{[%clk 0:03:29]} Rcd8 {[%clk 0:03:23]} 25. Bb7 {[%clk 0:02:58]} d4
{[%clk 0:02:59]} 26. Ba6 {[%clk 0:02:53]} Kh8 {[%clk 0:02:43]} 27. Bc4
{[%clk 0:02:50]} Qf5 {[%clk 0:02:49]} 28. Qd3 {[%clk 0:02:40]} Qf6
{[%clk 0:02:47]} 29. b4 {[%clk 0:02:38]} Ng5 {[%clk 0:02:31]} 30. Nf4
{[%clk 0:02:05]} Bf5 {[%clk 0:02:34]} 31. Qb3 {[%clk 0:02:10]} d3
{[%clk 0:02:39]} 32. Rcd1 {[%clk 0:00:48]} d2 {[%clk 0:02:37]} 33. Re2
{[%clk 0:00:50]} Qc3 {[%clk 0:02:23]} 34. h4 {[%clk 0:00:23]} Bc2 35. Qxc3
{[%clk 0:00:22]} Bxc3 {[%clk 0:02:30]} 36. Rdxd2 {[%clk 0:00:21]} Rxd2
{[%clk 0:02:35]} 37. hxg5 {[%clk 0:00:20]} Rxe2 {[%clk 0:01:54]} 38. Nxe2
{[%clk 0:00:29]} Bg7 {[%clk 0:02:01]} 39. Nf4 {[%clk 0:00:31]} Bf5
{[%clk 0:02:03]} 40. Bf2 {[%clk 0:00:28]} Rd8 {[%clk 0:01:52]} 41. Ne2
{[%clk 0:00:20]} Bd3 {[%clk 0:01:50]} 42. Bxd3 {[%clk 0:00:28]} Rxd3
{[%clk 0:01:59]} 43. Bxa7 {[%clk 0:00:27]} Rd2 {[%clk 0:01:56]} 44. Kf2
{[%clk 0:00:23]} Rxa2 {[%clk 0:02:04]} 45. Bc5 {[%clk 0:00:32]} Kg8
{[%clk 0:02:09]} 46. Ke3 {[%clk 0:00:36]} Kf7 {[%clk 0:02:11]} 47. g4
{[%clk 0:00:29]} Rb2 {[%clk 0:02:16]} 48. Kd3 {[%clk 0:00:19]} Be5
{[%clk 0:01:28]} 49. f4 {[%clk 0:00:22]} Rxe2 {[%clk 0:01:37]} 50. Kxe2
{[%clk 0:00:25]} Bxf4 {[%clk 0:01:46]} 51. Be3 {[%clk 0:00:20]} Bd6
{[%clk 0:01:44]} 52. Bd2 {[%clk 0:00:27]} Ke6 {[%clk 0:01:52]} 53. Kd3
{[%clk 0:00:25]} Kd5 {[%clk 0:01:55]} 54. Bc3 {[%clk 0:00:26]} Be7
{[%clk 0:01:59]} 55. Bd2 {[%clk 0:00:33]} Bf8 {[%clk 0:02:01]} 56. Bc3
{[%clk 0:00:40]} Bd6 {[%clk 0:02:09]} 57. Bd2 {[%clk 0:00:49]} Be7
{[%clk 0:02:17]} 58. Kc3 {[%clk 0:00:43]} Ke4 {[%clk 0:02:20]} 59. Kc4
{[%clk 0:00:51]} Kf3 {[%clk 0:02:28]} 60. Bc3 {[%clk 0:00:23]} Kxg4
{[%clk 0:01:17]} 61. Bf6 {[%clk 0:00:33]} Bd6 {[%clk 0:01:25]} 62. Bd8
{[%clk 0:00:18]} Kf5 {[%clk 0:01:34]} 63. Kc3 {[%clk 0:00:15]} Bf4
{[%clk 0:01:27]} 64. Kc4 {[%clk 0:00:24]} Bxg5 {[%clk 0:01:18]} 65. Bxg5
{[%clk 0:00:33]} Kxg5 66. Kc5 h5 {[%clk 0:01:36]} 67. Kxc6 {[%clk 0:00:52]} h4
{[%clk 0:01:45]} 68. b5 {[%clk 0:01:02]} h3 {[%clk 0:01:54]} 69. b6
{[%clk 0:01:11]} h2 {[%clk 0:02:03]} 0-1

[Event "TeamRussiamenrapid"]
[Site "?"]
[Date "2016.10.06"]
[Round "7.16"]
[White "Evdokimov, Alexander A."]
[Black "Papenin, Nikolai"]
[Result "1-0"]
[LiveChessVersion "1.4.4"]
[BlackElo "2334"]
[WhiteElo "2467"]

1. d4 {[%clk 0:15:18]} Nf6 {[%clk 0:15:19]} 2. c4 {[%clk 0:15:23]} c5
{[%clk 0:15:28]} 3. d5 {[%clk 0:15:32]} b5 {[%clk 0:15:37]} 4. Nf3
{[%clk 0:15:42]} Bb7 {[%clk 0:15:43]} 5. Qc2 {[%clk 0:15:05]} Na6
{[%clk 0:13:57]} 6. a3 {[%clk 0:14:03]} Qa5+ {[%clk 0:11:51]} 7. Bd2
{[%clk 0:10:26]} Nb4 {[%clk 0:11:58]} 8. Qc1 {[%clk 0:09:39]} bxc4
{[%clk 0:11:07]} 9. Nc3 {[%clk 0:09:43]} Na6 {[%clk 0:08:30]} 10. e4
{[%clk 0:09:49]} e6 {[%clk 0:05:33]} 11. Bxc4 {[%clk 0:07:02]} exd5
{[%clk 0:04:56]} 12. Nxd5 {[%clk 0:05:28]} Qd8 {[%clk 0:05:04]} 13. Nxf6+
{[%clk 0:04:53]} Qxf6 {[%clk 0:05:08]} 14. Ng5 {[%clk 0:05:02]} d5
{[%clk 0:04:11]} 15. Bb5+ {[%clk 0:05:09]} Kd8 {[%clk 0:03:49]} 16. exd5
{[%clk 0:04:12]} Bd6 {[%clk 0:03:13]} 17. O-O {[%clk 0:03:12]} Nc7
{[%clk 0:02:57]} 18. Bc6 {[%clk 0:02:44]} Rb8 {[%clk 0:02:45]} 19. Ne4
{[%clk 0:01:56]} Bxh2+ {[%clk 0:02:01]} 20. Kxh2 {[%clk 0:02:05]} Qh4+
{[%clk 0:02:10]} 21. Kg1 {[%clk 0:02:14]} Qxe4 {[%clk 0:02:18]} 22. Qxc5
{[%clk 0:02:23]} Bxc6 {[%clk 0:02:08]} 23. dxc6 {[%clk 0:02:31]} Qd5
{[%clk 0:00:40]} 24. Qxa7 {[%clk 0:02:39]} Ra8 {[%clk 0:00:40]} 25. Qb6
{[%clk 0:02:48]} 1-0